| 000 | 00725nam a2200241Ia 4500 | ||
|---|---|---|---|
| 003 | OSt | ||
| 005 | 20221006163908.0 | ||
| 006 | a|||||r|||| 00| 0 | ||
| 007 | ta | ||
| 008 | 221006b |||||||| |||| 00| 0 hin d | ||
| 024 | _a7,452 | ||
| 037 | _cDissertations | ||
| 040 |
_aFML _cFML _bhin |
||
| 041 |
_2hin _ahin |
||
| 100 |
_aManocha Deependra Au. _9676134 |
||
| 110 | _aDelhi University. Faculty of Music and Fine Arts. Department of Music | ||
| 245 | 0 | _aHindustani Sangeet Main Jugalbandi Ki Parampara | |
| 260 | _c1992 | ||
| 300 |
_a96 _ccm. |
||
| 700 | _aDelhi University. Faculty of Music and Fine Arts. Department of Music | ||
| 942 |
_cDIS _2CC |
||
| 999 |
_c1115657 _d1115657 |
||